00785cam a22002057a 4500003000500000005001700005008004100022010001000063011001000073035001000083040000900093100003900102245019800141260004100339300003200380502007500412650003200487650004700519650001300566CHAP20220329141920.0980602d1998 mx r 00110 spa d a75665 a76637 a86223 cCHAP00aGarcía Mena, Rocío del Carmen.10aEvaluación de tres niveles de alimentación y el uso de implante de zeranol sobre el incremento de peso y tamaño en chinchilla (Chinchilla laniger)c/por Rocío del Carmén García Mena aChapingo, Méx. :bEl autor,c1998. a39 h. :bgráfs. ; cuadros aTesis (Ing. Agr. Esp. en Zootecnia) -- UACH. Departamento de Zootecnia14aChinchillaxAlimentación.14aHormonasxEfecto en animales domésticos.14aZeranol.